National Housing Federation (Record no. 119548)

MARC details
000 -LEADER
fixed length control field 00607cam a2200169 4500
001 - CONTROL NUMBER
control field WS107503
008 - FIXED-LENGTH DATA ELEMENTS--GENERAL INFORMATION
fixed length control field 000000n 000 0 eng u
035 ## - SYSTEM CONTROL NUMBER
System control number (Sirsi) u107503
110 ## - MAIN ENTRY--CORPORATE NAME
Corporate name or jurisdiction name as entry element National Housing Federation
9 (RLIN) 695
245 ## - TITLE STATEMENT
Title National Housing Federation
520 ## - SUMMARY, ETC.
Summary, etc. Homepages for this body representing the independent social housing sector including their briefings and free booklets.
650 ## - SUBJECT ADDED ENTRY--TOPICAL TERM
Topical term or geographic name entry element SOCIAL HOUSING
650 ## - SUBJECT ADDED ENTRY--TOPICAL TERM
Topical term or geographic name entry element RESIDENTIAL
690 ## - LOCAL SUBJECT ADDED ENTRY--TOPICAL TERM (OCLC, RLIN)
Topical term or geographic name as entry element Affordable housing
9 (RLIN) 6215
856 40 - ELECTRONIC LOCATION AND ACCESS
Uniform Resource Identifier <a href="https://www.housing.org.uk">https://www.housing.org.uk</a>
Public note View the website free of charge at www.housing.org.uk...
942 ## - ADDED ENTRY ELEMENTS (KOHA)
Suppress in OPAC 0
Holdings
Withdrawn status Lost status Source of classification or shelving scheme Damaged status Not for loan Home library Current library Shelving location Date acquired Total Checkouts Full call number Barcode Date last seen Copy number Price effective from Koha item type
    Dewey Decimal Classification     Virtual Virtual Online 02/08/2000   WEB SITE 107503-2001 06/08/2019 1 06/08/2019 Online material